| 000 | 00532 a2200157 4500 | ||
|---|---|---|---|
| 999 |
_c522842 _d522842 |
||
| 003 | NUST | ||
| 005 | 20190124045712.0 | ||
| 038 | _aKayani | ||
| 082 | _a332.1224'95491 | ||
| 100 |
_aState Bank of Pakistan _912304 |
||
| 245 |
_aThe State of Pakistan's Economy. _bSecond Quarterly Report for the year 2005-2006 of the Central Board of State Bank of Pakistan. _cState bank of Pakistan. |
||
| 260 |
_aPakistan _bState Bank of Pakistan _c2005-2006 |
||
| 300 | _a116p. | ||
| 500 | _aPaper cover | ||
| 942 |
_aS3H _cBK _k332.1224'95491 SBP _2ddc |
||